| 000 | 00378nam a2200145Ia 4500 | ||
|---|---|---|---|
| 008 | 170224s9999 xx 000 0 und d | ||
| 100 | _aJon Simon | ||
| 245 | _aPowerPoint and Concept Maps: A Great Double Act | ||
| 245 | _cJon Simon | ||
| 260 | _bAccounting Education | ||
| 260 | _c2015 | ||
| 300 | _a24:2, Pages: 146-151 | ||
| 650 | _xAccountancy | ||
| 650 | _xAccounting | ||
| 999 |
_c316134 _d316134 |
||